LEADER 01035nam a2200253 i 4500 001 000000144336 003 CaOOAMICUS 005 20051027000000.0 008 051027s1983 it u000 u mul u 013 $a119694 040 $aSeMil$bita 100 1 $aMarinetti, Filippo Tommaso <1876-1944>.$0(OLS)http://semarc/name/6825 245 10$aVolume primo /$cF. T. Marinetti ; introduzione, testo e note a cura di Pasquale A. Jannini. 300 $a441 p. 490 0 $aOpere di F. T. Marinetti ;$v[1., 1] 500 $aFondo Ciprandi. 700 1 $aJannini, Pasquale A.$0(OLS)http://semarc/name/57728 773 0 $aMarinetti, Filippo Tommaso <1876-1944>$tScritti francesi.$dMilano : Arnoldo Mondadori Editore, [198-]?.$w()14557 830 0$aOpere di F. T. Marinetti ;$v[1., 1].$0(OLS)http://semarc/title/19319 850 $aSeMil 852 $aSeMil$W1$xVenegono$y1$m1C V 68$j97274$B97274$CSeMilBibl$Z2$F104950 $81 941 1 $a1 961 $aOmaggio: Ciprandi dott. Paolo 996 $6245$aVolume primo$9(OLS)http://semarc/title/17662 LEADER 01233nam a2200289 4500 001 000000355825 003 CaOOAMICUS 005 20231108095330.0 008 231018s2003 it a 000 u ita r 020 $a88-7782-801-3 040 $aSeMil$bita 100 1 $aLoon, Paul : van.$0(OLS)http://semarc/name/118521 240 10$aGriezelbeelden.$0(OLS)http://semarc/title/446042 245 10$aImprovvisamente ho avuto gli occhi azzurri /$c Paul van Loon ; illustrazioni di Camilla Fialkowski. 264 1$aMilano :$bSalani,$c2003. 300 $a152 p. :$bill. ;$c19 cm 490 1 $aGl'istrici ;$v192 650 4$aLetteratura per ragazzi.$0(OLS)http://semarc/subject/20895 700 1 $aFialkowski, Camilla.$0(OLS)http://semarc/name/118522 830 3$aGl'istrici ;$v192.$0(OLS)http://semarc/title/16608 850 $aSeMil 852 $aSeMil$W1$xVenegono$y1$m1W I 618$j244263$B247036$CSeMilBibl$Z2$F247036 $81 961 $aPerego don Stefano - Omaggio 996 $6020$a88-7782-801-3$9(OLS)http://semarc/number/299141 996 $6245$aImprovvisamente ho avuto gli occhi azzurri$9(OLS)http://semarc/title/446043 996 $6264$aMilano :$bSalani$9(OLS)http://semarc/publisher/38155